Statistiques concernant Culture Générale - Série 1910

Cliquez ici pour prendre le quiz!

Statistiques générales

  • Ce quiz a été pris 84 fois
  • Le résultat moyen est 4 sur 10

Statistiques - réponses

QuestionRéponse% Correct
Comment s'appelle l'ancien instrument de musique populaire, proche de la cornemuse, dont le nom est cité dans les paroles d'un chant de Noël "Jouez, hautbois, résonnez .... voir photomusette
68%
Quel anglicisme emploie-t-on pour le mot "intuition" ?feeling
65%
Quel animal est le mâtin ?chien
57%
Quelle rivière dont l'anagramme est "elude" traverse la ville de Lille ?Deule
57%
Dans quel pays du Moyen Orient se trouve le mont Nebo ?Jordanie
47%
Dans quel le ville européenne se trouve L’Organisation internationale du travail ou OIT ?Genève
43%
Dans quelle ville des Etats Unis est né dans les années 1980 le courant musical appelé " house music" ?Chicago
31%
Jusqu'en 1948, comment s'appelait la région occupée maintenant par le Vietnam ?Annam
11%
Comment appelle-t-on la cage étroite et longue pour le séchage des épis de maïs ?crib
2%
Comment appelle-t-on la grosse marmite de cuisson, souvent en cuivre étamé ou en terre cuite, qui permet de faire cuire à feu doux de grosses pièces de viande ?braisière
1%

Distribution des résultats

Percentile par nombre de réponses

% des personnes avec chaque résultat

Votre développement - résultats

Vous n’avez pas pris ce quiz